Entre cuatro paredes : lenguaje y personajes /
Resumen: Analiza las formas de tratamiento (voseo y tuteo) y algunos centroamericanismos en la obra de teatro "Entre cuatro paredes", del guatemalteco Manuel Galich.
Đã lưu trong:
| Tác giả chính: | |
|---|---|
| Định dạng: | Không biết |
| Những chủ đề: | |
| Các nhãn: |
Thêm thẻ
Không có thẻ, Là người đầu tiên thẻ bản ghi này!
|
MARC
| LEADER | 000000000a22000000004500 | ||
|---|---|---|---|
| 001 | 005496 | ||
| 100 | 1 | |a Ross, Ronald | |
| 245 | 1 | 0 | |a Entre cuatro paredes : |b lenguaje y personajes / |c Ronald Ross. |
| 310 | |a Trimestral | ||
| 520 | |a Resumen: Analiza las formas de tratamiento (voseo y tuteo) y algunos centroamericanismos en la obra de teatro "Entre cuatro paredes", del guatemalteco Manuel Galich. | ||
| 650 | 4 | |a GALICH, MANUEL, 1913- | |
| 650 | 4 | |a ENTRE CUATRO PAREDES | |
| 650 | 4 | |a LITERATURA GUATEMALTECA | |
| 650 | 4 | |a TEATRO | |
| 650 | 4 | |a CRITICAS | |
| 773 | 0 | |d Heredia, Costa Rica : Editorial de la Universidad Nacional |t Letras |g número 3 (1979), páginas 91-104 | |
| 942 | |b Seriada | ||
| 999 | |c 11721 |d 11721 | ||
